[Event "38th Olympiad"]
[Site "Dresden GER"]
[Date "2008.11.14"]
[Round "2"]
[White "Ho Cheng Fai"]
[Black "Nokes,R"]
[Result "0-1"]
[WhiteElo "2041"]
[BlackElo "2293"]
[EventDate "2008.11.13"]

1. d4 Nf6 2. c4 c5 3. Nf3 cxd4 4. Nxd4 e5 5. Nb5 d5 6. cxd5 Bc5 7. e3 O-O
8. Bc4 a6 9. N5c3 e4 10. a4 Re8 11. Nd2 Bf5 12. Nb3 Bd6 13. Nd4 Bg6 14. Bd2
Nbd7 15. Rc1 h5 16. Be2 Ng4 17. h4 Nde5 18. Qb3 Qe7 19. g3 Qf6 20. O-O Nf3+
21. Nxf3 exf3 22. Bd1 Bd3 23. Nb5 Bxg3 24. fxg3 f2+ 25. Kg2 Bxf1+ 0-1

[Event "38th Olympiad"]
[Site "Dresden GER"]
[Date "2008.11.14"]
[Round "2"]
[White "Van Hoolandt,P"]
[Black "Bradshaw,K"]
[Result "1-0"]
[WhiteElo "2231"]
[BlackElo "1835"]
[EventDate "2008.11.13"]

1. d4 Nf6 2. c4 g6 3. Nc3 Bg7 4. e4 d6 5. Nf3 Nbd7 6. Be2 O-O 7. O-O c6 8.
Qc2 e5 9. Rd1 Qc7 10. Rb1 exd4 11. Nxd4 Re8 12. Be3 Nc5 13. f3 Ne6 14. Qd2
Bf8 15. Bf1 Nd7 16. Kh1 Ne5 17. f4 Ng4 18. Bg1 Bh6 19. g3 Nc5 20. Bg2 Nf6
21. Re1 Be6 22. b4 Ncd7 23. Nxe6 fxe6 24. Rbd1 e5 25. a3 exf4 26. gxf4 d5
27. cxd5 Bxf4 28. Qa2 Kg7 29. Ne2 Nxe4 30. Nxf4 Qxf4 31. dxc6 Ndf6 32. cxb7
Qh4 33. Bxe4 Rxe4 34. bxa8=Q Rxe1 35. Qb7+ 1-0

[Event "38th Olympiad"]
[Site "Dresden GER"]
[Date "2008.11.14"]
[Round "2"]
[White "Dill,J"]
[Black "Krulich,R"]
[Result "0-1"]
[WhiteElo "2093"]
[BlackElo "2239"]
[EventDate "2008.11.13"]

1. e4 c5 2. Nf3 d6 3. d4 cxd4 4. Nxd4 Nf6 5. Nc3 a6 6. Bg5 e6 7. Bd3 Be7 8.
O-O h6 9. Bh4 b5 10. a3 Bb7 11. f4 Nbd7 12. Nf3 O-O 13. Qe2 e5 14. fxe5
dxe5 15. Bg3 Nh5 16. Bxe5 Nxe5 17. Nxe5 Qd4+ 18. Kh1 Qxe5 19. Rf5 Ng3+ 20.
hxg3 Qxg3 21. Qf3 Qh4+ 22. Qh3 Qxh3+ 23. gxh3 g6 24. Rg1 Kh7 25. Rf3 Rad8
26. Kg2 Kg7 27. Kf1 Bc5 28. Rg4 f5 29. Rxf5 Bc8 30. Rg2 Bxf5 31. exf5 Kh7
32. Ke2 gxf5 33. Kf3 Rd6 34. Ne2 Rg6 35. Ng3 Kh8 36. Nxf5 Rxg2 37. Kxg2 Rf6
38. Kf3 Kg8 39. Ke4 Bf8 40. Ke5 Bg7 41. Nxg7 Kxg7 42. b3 Rf3 43. Bf5 a5 44.
Ke4 Rc3 45. Kd4 b4 46. axb4 axb4 47. Ke5 Kf7 48. Be6+ Kg6 49. Kf4 Kf6 50.
Bf5 h5 51. Bd3 Rc5 52. h4 Re5 53. Be4 Ra5 54. Bf3 Ra2 55. Bxh5 Rxc2 56. Bf3
Rc3 57. Bd5 Rd3 58. Bg8 Rd4+ 59. Kg3 Kg6 60. Be6 Kf6 61. Bg8 Kg7 62. Be6
Kh6 63. Bg8 Rd7 64. Be6 Re7 65. Bd5 Re3+ 66. Kg4 Rd3 67. Bg8 Rd4+ 68. Kg3
Rd3+ 69. Kg4 Rd1 70. Bf7 Rg1+ 71. Kh3 Rf1 72. Be6 Kh5 73. Bg4+ Kg6 74. Be6
Kf6 75. Bd5 Ke5 76. Bc4 Rc1 77. Bf7 Kf4 78. h5 Kg5 79. Kg3 Rc7 80. Bd5 Kxh5
81. Kf4 Kg6 82. Ke5 Kg5 83. Ke4 Kg4 84. Kd4 Kf4 85. Bc4 Kf3 86. Bd5+ Ke2
87. Bc4+ Kd2 88. Bd5 Rd7 89. Kc4 Rxd5 90. Kxb4 0-1

[Event "38th Olympiad"]
[Site "Dresden GER"]
[Date "2008.11.14"]
[Round "2"]
[White "Lebel,P"]
[Black "Miller,B"]
[Result "1-0"]
[WhiteElo "2187"]
[BlackElo "1741"]
[EventDate "2008.11.13"]

1. b3 Nf6 2. Bb2 g6 3. Bxf6 exf6 4. c4 Bg7 5. Nc3 O-O 6. g3 Nc6 7. Bg2 b6
8. e3 Bb7 9. Nge2 Rb8 10. O-O Ne5 11. Bxb7 Rxb7 12. d4 Nc6 13. Rc1 Ne7 14.
Nf4 c6 15. Qf3 d6 16. b4 Qb8 17. Rfd1 Rd8 18. b5 c5 19. dxc5 bxc5 20. Rd3
Rbd7 21. Nfd5 f5 22. Nxe7+ Rxe7 23. Nd5 Re4 24. a4 Rd7 25. Qd1 Re6 26. a5
h6 27. Rb1 Bf8 28. Qa4 Rb7 29. a6 Rd7 30. b6 Rd8 31. Rdb3 axb6 32. Rxb6 Qa8
33. a7 1-0

[Event "38th Olympiad"]
[Site "Dresden GER"]
[Date "2008.11.14"]
[Round "2"]
[White "Van Tilbury,C"]
[Black "Simutowe,A"]
[Result "0-1"]
[WhiteElo "2280"]
[BlackElo "2462"]
[EventDate "2008.11.13"]

1. d4 Nf6 2. c4 e6 3. Nc3 Bb4 4. e3 O-O 5. Bd3 c5 6. Nf3 d5 7. O-O dxc4 8.
Bxc4 Nbd7 9. Qe2 cxd4 10. exd4 Bxc3 11. bxc3 Qc7 12. Bg5 Nd5 13. Bxd5 exd5
14. Qe7 f6 15. Bc1 Rf7 16. Qe8+ Nf8 17. Ba3 Qxc3 18. Bc5 b6 19. Rfc1 Qd3
20. Bxf8 Bb7 21. Qe6 Raxf8 22. Re1 Qb5 23. Qe3 Bc8 24. a4 Qa5 25. Qd2 Qxd2
26. Nxd2 Bf5 27. a5 Rc7 28. axb6 axb6 29. h3 h5 30. f3 Rb8 31. g4 hxg4 32.
hxg4 Bd3 33. Re3 Bc4 34. f4 b5 35. g5 fxg5 36. fxg5 b4 37. Rae1 Rc6 38. Nf3
Rg6 39. Re5 Bd3 40. Nh4 Rgb6 0-1

[Event "38th Olympiad"]
[Site "Dresden GER"]
[Date "2008.11.14"]
[Round "2"]
[White "Lettsome,M"]
[Black "Jere,D"]
[Result "0-1"]
[WhiteElo "1812"]
[BlackElo "2240"]
[EventDate "2008.11.13"]

1. e4 e6 2. d4 d5 3. Nd2 Nf6 4. e5 Nfd7 5. Ngf3 c5 6. c3 Nc6 7. Bb5 Qb6 8.
Bxc6 bxc6 9. O-O cxd4 10. cxd4 a5 11. Qb3 Qxb3 12. Nxb3 a4 13. Nbd2 c5 14.
dxc5 Nxc5 15. Nd4 Ba6 16. Re1 Nd3 17. Re3 Rc8 18. Rxd3 Bxd3 19. N2f3 Bb4
20. Be3 O-O 21. h3 a3 22. b3 Be4 23. Nd2 Bc3 24. Rd1 Bxd4 25. Nxe4 Bxe3 26.
Nd6 Rc1 0-1

[Event "38th Olympiad"]
[Site "Dresden GER"]
[Date "2008.11.14"]
[Round "2"]
[White "Nakapunda,O"]
[Black "De la Riva Aguado,O"]
[Result "0-1"]
[WhiteElo "2083"]
[BlackElo "2537"]
[EventDate "2008.11.13"]

1. d4 g6 2. c4 Bg7 3. Nc3 c5 4. Nf3 cxd4 5. Nxd4 Nc6 6. Nxc6 bxc6 7. e4 d6
8. Be2 Nf6 9. O-O O-O 10. Qc2 Rb8 11. Be3 Qa5 12. Rac1 Be6 13. b3 Nd7 14.
Rfd1 Nc5 15. Bf3 f5 16. Bd4 Bxd4 17. Rxd4 f4 18. Qe2 Nd7 19. Bg4 Bxg4 20.
Qxg4 Qe5 21. Rd3 Nc5 22. Rdd1 Rf6 23. Qe2 f3 24. gxf3 Rbf8 25. b4 Ne6 26.
Qf1 Rxf3 27. Rd3 Rxd3 28. Qxd3 Qg5+ 0-1

[Event "38th Olympiad"]
[Site "Dresden GER"]
[Date "2008.11.14"]
[Round "2"]
[White "Garcia,Rau"]
[Black "Mueller,Le"]
[Result "1/2-1/2"]
[WhiteElo "2257"]
[BlackElo "2199"]
[EventDate "2008.11.13"]

1. d4 g6 2. c4 Bg7 3. Nc3 Nf6 4. Nf3 O-O 5. Bg5 d6 6. e3 Nbd7 7. Qc2 h6 8.
Bh4 e5 9. h3 Re8 10. Be2 c6 11. O-O Qe7 12. Rfd1 Nf8 13. b4 Bf5 14. Qb3 e4
15. Nd2 g5 16. Bg3 Ng6 17. Rac1 h5 18. d5 h4 19. Bh2 g4 20. hxg4 Nxg4 21.
Bxg4 Bxg4 22. Re1 Bf5 23. f3 exf3 24. Nxf3 h3 25. Bg3 Bg4 26. Nh2 Qg5 27.
Nf1 Bf5 28. Qb2 Bd3 29. Qf2 hxg2 30. Kxg2 Nh4+ 31. Kh2 Nf5 32. Bf4 Qh5+ 33.
Kg1 Nh4 34. Nd2 Kh8 35. Ne2 Rg8 36. Ng3 Be5 37. Kh1 Rxg3 38. Bxg3 Nf3+ 39.
Kg2 Bxg3 40. Nxf3 Rg8 41. Qxg3 Rxg3+ 42. Kxg3 Kg8 43. Rh1 Qg6+ 44. Kf2 Kf8
45. dxc6 bxc6 46. Rh4 Qf6 47. Rd1 Bg6 48. Rdd4 Ke7 49. Rhf4 Qh8 50. Nh4 Qh6
1/2-1/2

[Event "38th Olympiad"]
[Site "Dresden GER"]
[Date "2008.11.14"]
[Round "2"]
[White "Eichab,C"]
[Black "Jose Queralto,D"]
[Result "1/2-1/2"]
[WhiteElo "2066"]
[BlackElo "2125"]
[EventDate "2008.11.13"]

1. e4 d6 2. d4 Nf6 3. Nc3 g6 4. g3 Bg7 5. Bg2 O-O 6. Nge2 e5 7. O-O Nc6 8.
h3 exd4 9. Nxd4 Nxe4 10. Nxc6 Nxc3 11. Nxd8 Nxd1 12. Nxb7 Bxb7 13. Rxd1
Bxg2 14. Kxg2 Rab8 15. Rb1 Rfe8 16. Be3 Bxb2 17. Bxa7 Ra8 18. Bb6 Rxa2 19.
Bxc7 Rc8 20. Bxd6 Rxc2 21. Bf4 Bf6 22. Be3 Rab2 23. Rxb2 Rxb2 24. Bh6 Rb8
25. Be3 Rd8 26. Rxd8+ Bxd8 27. g4 f6 28. Bd4 Kf7 29. Kf3 Ke6 30. Ba7 Bc7
1/2-1/2

[Event "38th Olympiad"]
[Site "Dresden GER"]
[Date "2008.11.14"]
[Round "2"]
[White "Prasad,C FIJ"]
[Black "Bomo,K"]
[Result "0-1"]
[WhiteElo "1888"]
[BlackElo "1988"]
[EventDate "2008.11.13"]

1. d4 Nf6 2. c4 e5 3. dxe5 Ng4 4. Nf3 Bc5 5. e3 Nc6 6. Qd5 Qe7 7. a3 a5 8.
Nc3 Ngxe5 9. Nxe5 Nxe5 10. Be2 d6 11. O-O O-O 12. b3 Bf5 13. Qd1 c6 14. Na4
Ba7 15. Bb2 Rfe8 16. Re1 Rad8 17. Bd4 Bb8 18. Bb6 Rd7 19. Nc3 d5 20. cxd5
cxd5 21. Bb5 Nc6 22. Ne2 Qd6 23. Ng3 Bg6 24. Qc1 h5 25. Qc5 Qf6 26. Rac1 h4
27. Nf1 Bd6 28. Qc3 Be5 29. Bd4 Bxd4 30. exd4 Rxe1 31. Rxe1 Nxd4 32. Qc8+
Rd8 33. Qxb7 Qg5 34. Re8+ Rxe8 35. Bxe8 Nf3+ 36. Kh1 h3 37. Bxf7+ Kf8 38.
Qc8+ Kxf7 39. Qd7+ Kf8 40. Qc8+ Be8 41. Qxh3 Nd4 42. Qc3 Qf4 43. Qc5+ Kg8
44. Qxd5+ Bf7 45. Qa8+ Kh7 46. f3 Nxb3 47. Qe4+ Qxe4 48. fxe4 Bg6 49. e5
Kg8 50. h4 Kf7 51. Nh2 Ke6 52. Nf3 Be4 53. Kh2 Bxf3 54. gxf3 Kxe5 55. Kg3
Nd2 56. Kg4 Nc4 57. Kg5 Nd6 58. h5 Nf5 59. f4+ Ke6 60. Kg6 a4 61. Kg5 Ne7
62. h6 gxh6+ 63. Kxh6 Kf6 64. Kh5 Kf5 65. Kh6 Nc6 0-1

[Event "38th Olympiad"]
[Site "Dresden GER"]
[Date "2008.11.14"]
[Round "2"]
[White "Fancy,S"]
[Black "Peiris,T"]
[Result "0-1"]
[WhiteElo "2128"]
[BlackElo "2100"]
[EventDate "2008.11.13"]

1. a3 d5 2. g3 e5 3. Bg2 Bc5 4. c4 c6 5. Qc2 dxc4 6. Qxc4 Na6 7. b4 Bd4 8.
Nc3 Nc7 9. Nf3 Be6 10. Qd3 Nf6 11. e3 Bxc3 12. Qxc3 e4 13. Ng5 Qd5 14. Nxe6
Nxe6 15. Bb2 Rd8 16. h4 O-O 17. Bf1 b5 18. Be2 Rd6 19. g4 Rfd8 20. g5 Ne8
21. Rd1 a6 22. Qe5 Qb3 23. g6 hxg6 24. h5 Rd5 25. Qc3 Qxc3 26. Bxc3 gxh5
27. Bxh5 Nd6 28. Be2 c5 29. bxc5 Nxc5 30. Rg1 Nf5 31. Bg4 f6 32. Bxf6 gxf6
33. Bxf5+ Kf7 34. Bg6+ Ke6 35. f3 exf3 36. Bb1 Nd3+ 37. Bxd3 Rxd3 38. a4 b4
39. Rg4 a5 40. Rc4 f2+ 41. Kxf2 Rxd2+ 42. Rxd2 Rxd2+ 43. Ke1 Ra2 44. Rc6+
Kf7 45. Rc7+ Kg6 46. Kd1 Rxa4 47. Kc2 Ra3 48. Re7 Rc3+ 49. Kd2 Rc5 50. Rb7
Kf5 51. Rb6 Ke5 52. Rb7 Kd5 53. Rf7 Ke6 54. Rb7 f5 55. Kd3 Kd6 56. e4 fxe4+
57. Kxe4 Kc6 58. Rb8 Rd5 59. Rc8+ Kb7 60. Rh8 Rd6 61. Ke5 Rb6 62. Kd5 b3
0-1

[Event "38th Olympiad"]
[Site "Dresden GER"]
[Date "2008.11.14"]
[Round "2"]
[White "Jones,Ru"]
[Black "Rajapakse,R"]
[Result "0-1"]
[WhiteElo "1966"]
[BlackElo "1646"]
[EventDate "2008.11.13"]

1. e4 c5 2. Nf3 d6 3. Bc4 Nf6 4. Nc3 e6 5. O-O Be7 6. d3 O-O 7. a3 Nc6 8.
Nd2 a6 9. f4 b5 10. Ba2 Qb6 11. Kh1 Bb7 12. Nf3 Rad8 13. h3 a5 14. Be3 d5
15. exd5 exd5 16. Bg1 d4 17. Ne4 Qc7 18. Bh2 a4 19. Qd2 Qd7 20. Nxf6+ Bxf6
21. Rae1 Ne7 22. Ne5 Bxe5 23. Rxe5 Nf5 24. Kg1 Ne3 25. Rf2 Qc6 26. Rg5 h6
27. Rg3 Nf5 28. Rg4 Rde8 29. c3 Re3 30. cxd4 cxd4 31. Re2 Rxe2 32. Qxe2
Qc1+ 33. Kf2 Rc8 0-1

[Event "38th Olympiad"]
[Site "Dresden GER"]
[Date "2008.11.14"]
[Round "2"]
[White "Hernandez,Ju HON"]
[Black "Chahrani,I"]
[Result "0-1"]
[WhiteElo "2015"]
[BlackElo "2314"]
[EventDate "2008.11.13"]

1. d4 d5 2. c4 e6 3. Nf3 c6 4. e3 f5 5. Ne5 Nf6 6. Nd2 Bd6 7. f4 O-O 8. Bd3
c5 9. O-O Nc6 10. Nxc6 bxc6 11. Nb3 cxd4 12. c5 Be7 13. exd4 Ne4 14. Qh5
Rb8 15. Bd2 Nxd2 16. Nxd2 Rxb2 17. Nb3 Bf6 18. Kh1 a5 19. Qd1 a4 20. Qc1 a3
21. Qc3 Qe8 22. Rfb1 Rf2 23. Rf1 Rb2 24. Rfb1 Rxb1+ 25. Rxb1 g5 26. Qd2
gxf4 27. Qxf4 e5 28. dxe5 Bxe5 29. Qg5+ Qg6 30. Qxg6+ hxg6 31. Na5 Bd7 32.
Rb6 Bd4 33. Nb3 Be5 34. Rb7 Rf7 35. Ra7 Bb2 36. Ra8+ Kg7 37. Rd8 Re7 38.
Kg1 Bf6 39. Ra8 Re3 40. Bf1 Kf7 41. Rxa3 Bd4 42. Kh1 Bxc5 43. Nxc5 Rxa3 44.
Nxd7 Kg7 45. Ne5 c5 46. Nd3 c4 47. Nb4 c3 48. Bd3 Ra4 49. a3 Rxa3 50. Nc2
Rb3 51. Kg1 Rb1+ 52. Kf2 Rd1 53. Nb4 Rd2+ 54. Kf3 Kf7 55. h3 Ke6 56. g4 Ke5
57. gxf5 gxf5 58. Ke3 f4+ 59. Kf3 Rh2 60. Nc6+ Kd6 61. Nd4 Rxh3+ 62. Ke2
Re3+ 63. Kf2 Rxd3 0-1

[Event "38th Olympiad"]
[Site "Dresden GER"]
[Date "2008.11.14"]
[Round "2"]
[White "Asabri,Hu"]
[Black "Huguet,S"]
[Result "1-0"]
[WhiteElo "2191"]
[BlackElo "2109"]
[EventDate "2008.11.13"]

1. d4 d5 2. Nf3 e6 3. c4 c5 4. cxd5 exd5 5. Nc3 Nf6 6. g3 Nc6 7. Bg2 Be7 8.
O-O O-O 9. b3 Bg4 10. dxc5 Bxc5 11. Bb2 Re8 12. Rc1 Bf8 13. h3 Be6 14. Nd4
Qd7 15. Kh2 Rad8 16. e3 Bf5 17. Nxf5 Qxf5 18. Nb5 Ne4 19. Nd4 Qd7 20. a3
Bd6 21. Nxc6 bxc6 22. Qd3 Re6 23. Kg1 Rde8 24. Rc2 Nxg3 25. fxg3 Rxe3 26.
Qf5 Qe7 27. Rxc6 Re2 28. Rxd6 Rxb2 29. Rd7 Qe3+ 30. Kh2 f6 31. Qxd5+ Kh8
32. Rd8 h6 33. Rf3 Qe7 34. Rxe8+ Qxe8 35. Rc3 Kh7 36. Qf5+ g6 37. Rc7+ Kg8
38. Qxf6 Rxg2+ 39. Kxg2 Qe4+ 40. Qf3 1-0

[Event "38th Olympiad"]
[Site "Dresden GER"]
[Date "2008.11.14"]
[Round "2"]
[White "Alice,M"]
[Black "Constantinou,Pa"]
[Result "1-0"]
[WhiteElo "2201"]
[BlackElo "2093"]
[EventDate "2008.11.13"]

1. e4 c6 2. d4 d5 3. e5 Bf5 4. Nd2 e6 5. Nb3 Nd7 6. Be3 Rc8 7. Nf3 a6 8.
Be2 c5 9. c3 f6 10. exf6 gxf6 11. dxc5 Nxc5 12. Nxc5 Bxc5 13. Bxc5 Rxc5 14.
Nd4 Ne7 15. g4 Be4 16. f3 Bg6 17. Nxe6 Qb6 18. Nxc5 Qxc5 19. Qd4 Qxd4 20.
cxd4 Nc6 21. Rd1 Kd7 22. Kf2 Rc8 23. a3 b5 24. h4 Na5 25. Rc1 Re8 26. Rc3
Nc6 27. Rd1 h6 28. a4 b4 29. Rc5 Kd6 30. Rcc1 Ra8 31. Bd3 Bxd3 32. Rxd3 Re8
33. Re3 Rb8 34. Rxc6+ Kxc6 35. Re6+ Kd7 36. Rxf6 Rc8 37. Rxa6 Rc2+ 38. Ke3
Rxb2 39. Rb6 h5 40. Kf4 hxg4 41. fxg4 b3 42. Kg5 Rb1 43. h5 b2 44. h6 Kc7
45. a5 Kc8 46. a6 Kc7 47. Rb3 Kd6 48. a7 Ra1 49. Rxb2 Rxa7 50. Rb6+ Ke7 51.
h7 Ra8 52. Kg6 Rf8 53. Rb7+ Kd6 1-0

[Event "38th Olympiad"]
[Site "Dresden GER"]
[Date "2008.11.14"]
[Round "2"]
[White "Antoniou,A"]
[Black "Chambule,P"]
[Result "1/2-1/2"]
[WhiteElo "2177"]
[BlackElo "2100"]
[EventDate "2008.11.13"]

1. e4 e5 2. Nf3 Nf6 3. Nxe5 d6 4. Nf3 Nxe4 5. Nc3 Nxc3 6. dxc3 Be7 7. Bf4
Nc6 8. Qd2 Be6 9. Nd4 Nxd4 10. cxd4 d5 11. h3 O-O 12. g4 c5 13. dxc5 Bxc5
14. O-O-O d4 15. b3 a5 16. a4 Qb6 17. Bb5 Rac8 18. Kb1 Rfd8 19. Qe2 Bb4 20.
Rd3 Bc3 21. Bc1 Qc5 22. Rhd1 Qb4 23. Ka2 Qe7 24. Kb1 Qc5 25. f4 Bd7 26.
Bxd7 Rxd7 27. Bb2 Bxb2 28. Kxb2 b5 29. axb5 Qxb5 30. Qd2 a4 31. Rxd4 axb3
32. cxb3 Rxd4 33. Qxd4 h6 34. Qd3 Qc5 35. Qd2 Ra8 36. Ra1 Rxa1 37. Kxa1
1/2-1/2

[Event "38th Olympiad"]
[Site "Dresden GER"]
[Date "2008.11.14"]
[Round "2"]
[White "Corbin,Ph"]
[Black "Gebregziabher,B"]
[Result "1-0"]
[WhiteElo "2176"]
[BlackElo "2073"]
[EventDate "2008.11.13"]

1. e4 e6 2. Nf3 d5 3. e5 c5 4. b4 cxb4 5. a3 Nc6 6. axb4 Bxb4 7. c3 Bc5 8.
d4 Bb6 9. Na3 Nge7 10. Bd3 O-O 11. Bxh7+ Kxh7 12. Ng5+ Kg6 13. h4 Qe8 14.
Nb5 Nxe5 15. Nd6 Qc6 16. Qc2+ Nd3+ 17. Qxd3+ f5 18. h5+ Kh6 19. Ngf7+ Kh7
20. h6 g6 21. Ng5+ Kh8 22. Ndf7+ Rxf7 23. Nxf7+ Kh7 24. Ng5+ Kh8 25. Bf4
Bc7 26. h7 Bd7 27. Nf7+ Kg7 28. Ne5 Qb5 29. Qh3 1-0

[Event "38th Olympiad"]
[Site "Dresden GER"]
[Date "2008.11.14"]
[Round "2"]
[White "Lin Chung Yu Lee"]
[Black "Matoewi,R"]
[Result "0-1"]
[WhiteElo "1674"]
[BlackElo "2182"]
[EventDate "2008.11.13"]

1. Nf3 c5 2. c4 g6 3. e3 Bg7 4. d4 Nf6 5. Be2 O-O 6. O-O cxd4 7. exd4 d5 8.
Be3 Nc6 9. Nc3 dxc4 10. Qc1 Ng4 11. Bg5 Nxd4 12. Nxd4 Qxd4 13. h3 Ne5 14.
Bxe7 Re8 15. Ba3 Bd7 16. Qg5 Bc6 17. h4 a6 18. Rad1 Nd3 19. h5 gxh5 20.
Bxd3 cxd3 21. Bc5 Qc4 22. Be3 Re6 23. Qxh5 Rg6 24. g3 Re8 25. Bf4 Qxf4 26.
Rxd3 Qc4 27. Qd1 Rh6 28. f3 Qc5+ 29. Kg2 Qf5 30. Rg1 Bf8 31. Ne2 Bc5 32.
Nf4 Bxg1 33. Kxg1 Rg6 34. Nxg6 hxg6 35. Kf2 Bb5 36. Rd5 Qe6 37. Rd2 Qe3+
38. Kg2 Be2 39. Qa4 Bxf3+ 40. Kh3 Qh6+ 41. Qh4 Qxd2 42. Qc4 Kg7 43. g4 Qg2+
44. Kh4 Qh2+ 45. Kg5 Re5+ 0-1

[Event "38th Olympiad"]
[Site "Dresden GER"]
[Date "2008.11.14"]
[Round "2"]
[White "Ho Men Wei"]
[Black "Siban,M"]
[Result "0-1"]
[WhiteElo "1550"]
[BlackElo "2067"]
[EventDate "2008.11.13"]

1. e4 d5 2. exd5 Qxd5 3. Nf3 Nf6 4. d4 Bf5 5. c4 Qd8 6. Be3 c6 7. Nbd2 Nbd7
8. Be2 e6 9. O-O Be7 10. Re1 Qc7 11. Nf1 Rd8 12. Qa4 O-O 13. Ng3 Bg4 14. h3
Bxf3 15. Bxf3 Nb6 16. Qc2 Rfe8 17. a3 Nbd7 18. Rad1 Nf8 19. Nh5 Ng6 20.
Nxf6+ Bxf6 21. Qc1 Rd7 22. Rd3 Red8 23. Red1 Qc8 24. Bg4 Qc7 25. b4 Be7 26.
Bg5 Bxg5 27. Qxg5 h6 28. Qc1 Ne5 29. R3d2 Nxg4 30. hxg4 Qf4 31. f3 Kf8 32.
Qc3 a6 33. Rd3 Rc7 34. Qd2 Qxd2 35. R3xd2 Rcd7 36. Kf2 Ke7 37. Ke3 a5 38.
Rd3 axb4 39. axb4 Ra8 40. R3d2 b6 41. Ke4 Ra4 42. Rb1 Ra3 43. Rc2 Kf6 44.
c5 b5 45. Rd2 g5 46. Rc2 Kg6 47. Rd2 f5+ 48. gxf5+ exf5+ 49. Ke5 Re3+ 0-1

[Event "38th Olympiad"]
[Site "Dresden GER"]
[Date "2008.11.14"]
[Round "2"]
[White "Treu,A"]
[Black "Ho Hou Meng,H"]
[Result "1-0"]
[WhiteElo "2125"]
[BlackElo "1926"]
[EventDate "2008.11.13"]

1. d4 f5 2. Nf3 Nf6 3. g3 e6 4. Bg2 d5 5. O-O Bd6 6. c4 c6 7. Nc3 O-O 8.
cxd5 exd5 9. Bg5 h6 10. Bf4 Bxf4 11. gxf4 Ne4 12. Ne5 Nd7 13. f3 Nxe5 14.
fxe5 Nxc3 15. bxc3 f4 16. Qe1 Qg5 17. Kh1 Qh5 18. Qf2 Kh8 19. Rg1 Bf5 20.
Rae1 g5 21. e3 fxe3 22. Rxe3 Be6 23. Qg3 Rf4 24. h3 Raf8 25. Kh2 R8f7 26.
Rh1 Qg6 27. Qf2 Kg8 28. Qb2 Bf5 29. Qe2 Qe6 30. Qe1 Rg7 31. Qg3 Qe7 32. Qe1
Be6 33. Qc1 b5 34. Ree1 a5 35. a3 Qf8 36. Ref1 Rh4 37. Kg1 Qc8 1-0

[Event "38th Olympiad"]
[Site "Dresden GER"]
[Date "2008.11.14"]
[Round "2"]
[White "Phillips,R"]
[Black "Meier,K"]
[Result "1-0"]
[WhiteElo "2250"]
[BlackElo "2037"]
[EventDate "2008.11.13"]

1. e4 c5 2. Nc3 Nc6 3. f4 d6 4. Nf3 g6 5. Bb5 Bg7 6. O-O Bg4 7. h3 Bxf3 8.
Bxc6+ bxc6 9. Qxf3 Qd7 10. d3 Rb8 11. e5 d5 12. Na4 Rb5 13. c4 Ra5 14. b3
e6 15. Bd2 Rxa4 16. bxa4 Ne7 17. Be3 d4 18. Bd2 O-O 19. Rab1 f6 20. exf6
Bxf6 21. Rb3 Nf5 22. Rfb1 Nd6 23. Bc1 e5 24. Rb8 Bd8 25. Qg3 e4 26. dxe4
Nxe4 27. Qg4 Qf7 28. f5 Nc3 29. Bh6 Re8 30. R1b7 Qxc4 31. Rg7+ Kh8 32.
Rxh7+ 1-0

[Event "38th Olympiad"]
[Site "Dresden GER"]
[Date "2008.11.14"]
[Round "2"]
[White "Murara,M"]
[Black "Boshku,H"]
[Result "0-1"]
[WhiteElo "1682"]
[BlackElo "2308"]
[EventDate "2008.11.13"]

1. e4 c5 2. Nf3 Nc6 3. c3 Qa5 4. Na3 d6 5. Nc4 Qc7 6. d4 Nf6 7. d5 Nb8 8.
Qc2 g6 9. Be2 Bg7 10. O-O O-O 11. Ng5 Nbd7 12. f4 b5 13. Ne3 Rb8 14. f5 Ne5
15. fxg6 hxg6 16. Nf3 Nh7 17. Nxe5 Bxe5 18. Ng4 Bxg4 19. Bxg4 Nf6 20. Bh3
Kg7 21. Bf4 c4 22. Bxe5 dxe5 23. b4 cxb3 24. axb3 Rh8 25. Qf2 a5 26. Qf3
Rh4 27. g4 Rf8 28. Rad1 Nxe4 29. Qxe4 Rxh3 30. d6 exd6 31. g5 Qxc3 32. Rxd6
Qc5+ 33. Kg2 Rxh2+ 34. Kxh2 Qxd6 35. Rf6 Qd2+ 36. Kg3 Qxg5+ 0-1

[Event "38th Olympiad"]
[Site "Dresden GER"]
[Date "2008.11.14"]
[Round "2"]
[White "Kabera,G"]
[Black "Rama,L"]
[Result "0-1"]
[WhiteElo "1949"]
[BlackElo "2297"]
[EventDate "2008.11.13"]

1. e4 e5 2. d4 exd4 3. Nf3 Nc6 4. Bc4 Nf6 5. e5 d5 6. Bb5 Ne4 7. Nxd4 Bd7
8. e6 fxe6 9. Bxc6 bxc6 10. O-O Qh4 11. g3 Qh3 12. Nd2 Nxd2 13. Bxd2 Bc5
14. Nb3 Bd6 15. Be3 e5 16. Qf3 Bf5 17. Nd2 O-O 18. Qg2 d4 19. Qxc6 dxe3 20.
fxe3 Bd7 21. Qd5+ Be6 22. Qc6 Qh6 23. Rfe1 Rab8 24. Nc4 Bxc4 25. Qxc4+ Kh8
26. b3 Rf3 27. e4 Rbf8 28. Re2 Qf6 0-1

[Event "38th Olympiad"]
[Site "Dresden GER"]
[Date "2008.11.14"]
[Round "2"]
[White "Mannhart,M"]
[Black "Gilruth,P"]
[Result "1/2-1/2"]
[WhiteElo "2154"]
[BlackElo "2185"]
[EventDate "2008.11.13"]

1. Nc3 d5 2. e4 c6 3. Qe2 d4 4. Nd1 c5 5. d3 Nc6 6. g3 e5 7. Bg2 Bd6 8. f3
Nge7 9. Nf2 O-O 10. Ngh3 Kh8 11. O-O f5 12. exf5 Bxf5 13. Ne4 Qd7 14. Nhf2
Nd5 15. a3 Rae8 16. Bd2 b6 17. Nxd6 Qxd6 18. Ne4 Qd7 19. Rae1 h6 20. Qd1
Rf7 21. Qc1 Kh7 22. Nf2 Bg6 23. Bh3 Qd8 24. Ne4 Ref8 25. Bg2 Bh5 26. f4
exf4 27. gxf4 Nce7 28. Ng3 Bg6 29. Rf2 Nf5 30. Nxf5 Bxf5 31. Re5 Ne7 32.
Qf1 Ng6 33. Re1 Qh4 34. Be4 Kh8 35. Bxf5 Rxf5 36. Re4 Qg4+ 37. Qg2 Qd1+ 38.
Re1 Qh5 39. Re4 Nh4 40. Qf1 Qg4+ 41. Kh1 R8f6 42. Qe2 Qxe2 43. Rexe2 g5 44.
Kg1 gxf4 45. Re7 f3 46. c3 a5 47. cxd4 cxd4 48. Re4 Ng2 1/2-1/2

[Event "38th Olympiad"]
[Site "Dresden GER"]
[Date "2008.11.14"]
[Round "2"]
[White "Guller,A"]
[Black "Andolo,H"]
[Result "1-0"]
[WhiteElo "2117"]
[BlackElo "2139"]
[EventDate "2008.11.13"]

1. e4 e5 2. Nf3 Nc6 3. Bb5 a6 4. Ba4 Nf6 5. O-O b5 6. Bb3 Be7 7. Qe2 O-O 8.
c3 Bb7 9. d4 d6 10. Rd1 Qc8 11. a4 Rb8 12. axb5 axb5 13. d5 Nd8 14. Bg5 Qg4
15. h3 Qd7 16. Nbd2 Bc8 17. Nf1 Ne8 18. Be3 f5 19. exf5 Qxf5 20. Ng3 Qf7
21. Nxe5 dxe5 22. d6 Be6 23. dxe7 Qxe7 24. Bxe6+ Qxe6 25. Ba7 Ra8 26. Qxb5
Nd6 27. Qe2 N8f7 28. Bc5 Rfe8 29. Bxd6 cxd6 30. Rxa8 Rxa8 31. Qe4 Rb8 32.
b4 g6 33. Qd5 Qxd5 34. Rxd5 Kf8 35. Ne4 Ke7 36. f3 Ke6 37. Ra5 Rb6 38. Ra7
h5 39. Kf2 g5 40. g4 hxg4 41. hxg4 Rb8 42. Ke3 Rb6 43. Kd3 Rb8 44. b5 d5
45. Nc5+ Kd6 46. Na4 e4+ 47. fxe4 Ne5+ 48. Kd4 Nf3+ 49. Ke3 dxe4 50. Kxe4
Rf8 51. Ra6+ Ke7 52. Nc5 Nd2+ 53. Kd3 Rd8+ 54. Kc2 Rd5 55. Ra7+ Kf6 56.
Nd7+ Ke6 57. Nf8+ Ke5 58. Rd7 Nc4 59. Rxd5+ Kxd5 60. Kb3 Kc5 61. Ka4 Nd6
62. Nd7+ Kc4 63. b6 Kxc3 64. Ne5 Kd4 65. Nf7 Kc5 66. Nxd6 Kxd6 67. Kb5 Kd7
1-0

[Event "38th Olympiad"]
[Site "Dresden GER"]
[Date "2008.11.14"]
[Round "2"]
[White "Grooten,H"]
[Black "Kim,Alex"]
[Result "1/2-1/2"]
[WhiteElo "2376"]
[BlackElo "2481"]
[EventDate "2008.11.13"]

1. d4 d5 2. c4 e6 3. Nc3 Nf6 4. cxd5 exd5 5. Bg5 Be7 6. e3 c6 7. Bd3 Nbd7
8. Qc2 Nh5 9. Bxe7 Qxe7 10. Nge2 Nhf6 11. h3 Nb6 12. Ng3 Be6 13. a3 Nc8 14.
O-O O-O 15. b4 Bd7 16. Rfe1 g6 17. f3 a5 18. Rab1 axb4 19. axb4 Qd6 20.
Nge2 Nh5 21. g4 Ng7 22. e4 dxe4 23. Nxe4 Qe7 24. Qc5 Qd8 25. Nf4 b6 26. Qc3
Ne7 27. Nf6+ Kh8 28. Qd2 Ng8 29. Nxd7 Qxd7 30. Bc4 Rad8 31. Rbd1 Qd6 32.
Kg2 Nf6 33. h4 Rd7 34. Nh3 Kg8 35. Qg5 Re7 36. Rxe7 Qxe7 37. b5 cxb5 38.
Qxb5 h5 39. g5 Ng4 40. fxg4 Qe4+ 41. Kf1 Qh1+ 42. Ng1 hxg4 43. Bd5 Qxh4 44.
Be4 Nh5 45. Ne2 f6 46. Bd5+ Kh8 47. Qb4 Re8 48. Bc6 Qh3+ 49. Bg2 Qh2 50.
Ra1 Nf4 51. Nxf4 Qxf4+ 52. Kg1 g3 53. Qc3 Qf2+ 54. Kh1 Qf4 55. d5 Qxg5 56.
d6 Rd8 57. Qd4 Rxd6 58. Qe4 Qh5+ 59. Kg1 Qc5+ 60. Kh1 Qh5+ 61. Kg1 Qc5+ 62.
Kh1 Qh5+ 63. Kg1 Qc5+ 1/2-1/2

[Event "38th Olympiad"]
[Site "Dresden GER"]
[Date "2008.11.14"]
[Round "2"]
[White "Mensing,F"]
[Black "Kim Yongtae"]
[Result "1/2-1/2"]
[WhiteElo "2119"]
[BlackElo "1853"]
[EventDate "2008.11.13"]

1. d4 Nf6 2. Nf3 e6 3. g3 d5 4. Bg2 Be7 5. O-O O-O 6. c4 dxc4 7. Qc2 a6 8.
Qxc4 b5 9. Qc2 Bb7 10. Bd2 Be4 11. Qc1 Nbd7 12. Bg5 Rc8 13. Qf4 h6 14. Bxf6
Nxf6 15. Rd1 Bd6 16. Qh4 c5 17. Nbd2 Bxf3 18. Nxf3 cxd4 19. Qxd4 Bc5 20.
Qxd8 Rfxd8 21. Rxd8+ Rxd8 22. Rc1 Rc8 23. Kf1 Rc7 24. e3 Bb6 25. Rxc7 Bxc7
26. Ke2 e5 27. Nd2 Ne8 28. Bb7 a5 29. Ne4 Nd6 30. Nxd6 Bxd6 31. Bc6 1/2-1/2